Fundamentals of financial accounting /

সংরক্ষণ করুন:
গ্রন্থ-পঞ্জীর বিবরন
প্রধান লেখক: Phillips, Fred.
অন্যান্য লেখক: Libby, Robert., Libby, Patricia A.
বিন্যাস: গ্রন্থ
ভাষা:English
প্রকাশিত: Boston : McGraw-Hill/Irwin, c2006.
বিষয়গুলি:
ট্যাগগুলো: ট্যাগ যুক্ত করুন
কোনো ট্যাগ নেই, প্রথমজন হিসাবে ট্যাগ করুন!
Thư viện lưu trữ: Mạng thư viện Đại học Đà Nẵng
LEADER 01144nam a22003371a 4500
001 000035338
003 11615
005 20210402073351.0
008 151113s2006 000 eng
020 |a 0072881372 (alk. paper) 
040 |a lnn  |c lnn  |d lnn 
082 0 0 |a 657  |b PH-F 
100 1 |a Phillips, Fred. 
245 1 0 |a Fundamentals of financial accounting /  |c Fred Phillips, Robert Libby, Patricia A. Libby. 
260 |a Boston :  |b McGraw-Hill/Irwin,  |c c2006. 
300 |a xxxi, 727 p. :  |b col. ill. ;  |c 29 cm. 
500 |a Includes index. 
650 0 |a Accounting. 
700 1 |a Libby, Robert. 
700 1 |a Libby, Patricia A. 
OWN |a LNN 
902 |a TKA 
AVA |a UDN50  |b LNN  |c English  |d 420.33 PH-F  |e available  |t Error 5001 Not defined in file expand_doc_bib_avail.  |f 1  |g 0  |h N  |i 0  |j AN  |k 1 
999 |a From the UDN01 
AVA |a UDN50  |b LNN  |c English  |d 420.33 PH-F  |e available  |t Error 5001 Not defined in file expand_doc_bib_avail.  |f 1  |g 0  |h N  |i 0  |j AN  |k 1 
TYP |a Monograph 
TYP |a Printed language 
980 |a Mạng thư viện Đại học Đà Nẵng